[Event "Eastern Asia-ch U12 Girls 4th"]
[Site "Bangkok"]
[Date "2019.08.03"]
[Round "2.1"]
[White "Li, Joy Ching"]
[Black "Purwanto, Armenia Zendy"]
[Result "1/2-1/2"]
[WhiteElo "1297"]
[BlackElo "1683"]
[PlyCount "165"]
[EventDate "2019.08.02"]
[EventType "swiss"]
[EventRounds "9"]
[EventCountry "THA"]
[SourceTitle "EXT 2024"]
[Source "ChessBase"]
[SourceDate "2023.10.10"]
[SourceVersion "1"]
[SourceVersionDate "2023.10.10"]
[SourceQuality "1"]

1. Nf3 Nc6 2. g3 e5 3. d3 Nf6 4. Bg2 Bc5 5. 0-0 d6 6. c4 0-0 7. Nc3 Be6 8. a3 h6 9. Qb3 Bb6 10. Rd1 Rb8 11. Qc2 Qc8 12. e3 Re8 13. Ne2 Bf5 14. Nh4 Bg4 15. b4 Bxe2 16. Qxe2 Ne7 17. Bb2 c6 18. Rac1 Bc7 19. Qc2 Nf5 20. Bh3 Nxe3 21. Bxc8 Nxc2 22. Bxb7 Nxb4 23. axb4 Rxb7 24. Ba3 Kh7 25. d4 exd4 26. Rxd4 Re6 27. Rcd1 d5 28. Rc1 Bd6 29. c5 Be5 30. Rdd1 Ne4 31. f3 Nc3 32. Re1 Nb5 33. Rxe5 Rxe5 34. Bb2 Re2 35. Ba1 Rbe7 36. Ng2 Ra2 37. Nh4 Rae2 38. Ng2 Kg8 39. Kf1 Kf8 40. h3 Ra2 41. Nh4 d4 42. Nf5 Rd7 43. Rd1 g6 44. Nxh6 Rxa1 45. Rxa1 d3 46. Ng4 d2 47. Ne3 Nc3 48. Nd1 Rd3 49. Kf2 Kg7 50. Nxc3 Rxc3 51. Rd1 Rb3 52. Rxd2 Rxb4 53. Rd6 Rc4 54. Rxc6 a5 55. Rc8 a4 56. Ra8 Rxc5 57. Rxa4 Rc2+ 58. Ke3 Rc3+ 59. Ke4 Rc6 60. f4 Re6+ 61. Kf3 Rb6 62. Re4 f5 63. Re3 Rb5 64. g4 fxg4+ 65. hxg4 Kf6 66. Kg3 Rd5 67. Ra3 Rd6 68. Kf3 Re6 69. g5+ Kf7 70. Ra7+ Re7 71. Rxe7+ Kxe7 72. Ke3 Kd7 73. Kd3 Ke7 74. Ke4 Ke6 75. f5+ gxf5+ 76. Kf4 Kf7 77. Kxf5 Kg7 78. g6 Kg8 79. Kg5 Kg7 80. Kh5 Kg8 81. Kh6 Kh8 82. g7+ Kg8 83. Kg6 1/2-1/2